000 00236nam a2200097Ia 4500
001 997054
005 20250826221517.0
008 250824s9999 xx 000 0 und d
245 0 _aSÜMBÜLLÜ KÖŞK
_cBİLGİN ADALI
260 _bHEP KİTAP
999 _c997054
_d997054